|
|
|
|
| LEADER |
00000cam a22000007a 4500 |
| 001 |
14888 |
| 003 |
CZ-ZlUTB |
| 005 |
20190825233223.0 |
| 008 |
950218s1970 xr |||||r|||||||||||cze|d |
| 040 |
|
|
|a ZLD002
|b cze
|c ZLD002
|d ZLD002
|
| 072 |
|
7 |
|a 811.161.1
|x Ruština
|2 Konspekt
|9 11
|
| 072 |
|
7 |
|a 37.016
|x Učební osnovy. Vyučovací předměty. Učebnice
|2 Konspekt
|9 22
|
| 100 |
1 |
|
|a Adamcová, Květuše
|7 xx0021979
|4 aut
|
| 245 |
1 |
0 |
|a Ruská textová cvičebnice pro technologickou fakultu
|
| 250 |
|
|
|a 1. vyd.
|
| 260 |
|
|
|a Brno :
|b VUT,
|c 1970
|
| 300 |
|
|
|a 109 s.
|
| 650 |
0 |
4 |
|a RUŠTINA
|
| 655 |
|
7 |
|a vysokoškolská skripta
|7 fd190824
|2 czenas
|
| 910 |
|
|
|a ZLD002
|
| 952 |
|
|
|0 0
|1 0
|4 0
|6 S8082ADAMCOVÁK
|7 0
|8 BOOK
|9 25289
|a UTBZL
|b UTBZL
|c 030
|d 2006-07-29
|i 46575
|l 0
|o S808.2/ADAMCOVÁ,K.
|p 420010002230
|r 2019-08-25 00:00:00
|w 2019-08-25
|x 20100831
|y 05
|
| 952 |
|
|
|0 0
|1 0
|4 0
|6 S8082ADAMCOVÁK
|7 0
|8 BOOK
|9 25292
|a UTBZL
|b UTBZL
|c 030
|d 2006-07-29
|i 54829
|l 0
|o S808.2/ADAMCOVÁ,K.
|p 420010002229
|r 2019-08-25 00:00:00
|w 2019-08-25
|x 20100831
|y 05
|
| 992 |
|
|
|a BK
|b SK
|
| 999 |
|
|
|c 14888
|d 14888
|